000 00588nam a2200181 4500
999 _c10283
_d10283
008 151204b xxu||||| |||| 00| 0 eng d
020 _a9780495970668
050 _aQA 531 .L37 2011
100 _aLarson, Ron.
245 _aTrigonometry alternate with enhanced web assign/
_cRon Larson & David C. Falvo.
250 _a8th ed.
260 _aBrazil:
_bBrooks/ Cole Cenage Learning,
_c2011.
300 _ax, 522 [88]p.:
_bill.;
_c28cm.
504 _aIncludes Index.
650 _aTrigonometry.
700 _aFalvo, David C.
942 _2lcc
_cBOOKS
_hQA 531 .L37 2011
_01